Charakterizácia ľudských aldo-keto reduktáz

Guardado en:
Detalles Bibliográficos
Autor principal: Štifnerová, Chiara (Autor)
Otros Autores: Hronská, Helena (Orientador)
Formato: Manuscrito Libro
Lenguaje:eslovaco
Publicado: 2025
Materias:
Acceso en línea:http://is.stuba.sk/zp/portal_zp.pl?podrobnosti=176186
Etiquetas: Agregar Etiqueta
Sin Etiquetas, Sea el primero en etiquetar este registro!

MARC

LEADER 00000ntm a22000003a 4500
001 stuzp104689
003 SK-STU
005 20250628211904.0
007 ta
008 150427s2015----xo-----f-mn---000-0-slo-d
040 |a STU  |b slo 
041 0 |a slo 
100 1 |a Štifnerová, Chiara  |u 044000  |4 aut  |U FCHPT Fakulta chemickej a potravinárskej technológie  |T FCHPT Ústav biotechnológie  |X 121493  |U C4000  |Y 102  |7 121493 
242 0 1 |a Characterization of Human Aldo-Keto Reductases  |y eng 
245 1 0 |a Charakterizácia ľudských aldo-keto reduktáz 
260 |c 2025 
650 4 |a Aldo – ketoreduktáza  |2 slo 
650 4 |a AKR1B10  |2 slo 
650 4 |a inhibítory  |2 slo 
650 4 |a CMTI  |2 slo 
650 4 |a Aldo – keto reductase  |2 eng 
650 4 |a inhibitors  |2 eng 
650 4 |a CMTI  |2 eng 
650 4 |a AKR1B10  |2 eng 
700 1 |a Hronská, Helena  |u 044000  |k Z1  |4 ths  |U FCHPT Fakulta chemickej a potravinárskej technológie  |T FCHPT Ústav biotechnológie  |X 4690  |U C4000  |Y 102  |7 A000004690 
856 4 |u http://is.stuba.sk/zp/portal_zp.pl?podrobnosti=176186